000 00312nam a22001337a 4500
020 _a9694962439
040 _cNUST
082 _a070.52 JAV
100 _aJaved, Chaudhari
_9114463
245 _aZero Point
260 _aIslamabad:
_bDost Publication,
_c2004.
650 _aZero Point
_9114464
942 _2ddc
_cBK
999 _c595775
_d595775